Datum a čas kvízu
23
Celkem bodů
Celkový počet nahraných bodů na tomto kvízu bez doplňovacích otázek.
3.
Pořadí na kvízu
Konečné umístění týmu na tomto kvízu.
Zaznamenané odpovědi
| # | Otázka | Odpověď | Body | Výsledky |
|---|---|---|---|---|
| 1. | Ve čtvrtek byla zveřejněna bud... | v Ostravě | 1 | |
| 2. | Více než 1 400 delfínů padlo v... | Na Faerských ostrovech. | 1 | |
| 3. | Vzácný artefakt pocházející z... | lodní zvon | 0 | |
| 4. | Minulý týden byl oznámen defin... | Orlen | 1 | |
| 5. | Tento 28letý český kanoista vy... | Martin Fuksa | 1 | |
| 6. | Před několika týdny jsme si bl... | Valencie | 1 | |
| 7. | V Madridu, ale i ve zbytku Špa... | patatas bravas/papas bravas | 1 | |
| 8. | Název jistého španělského alko... | sangria | 1 | |
| 9. | Název tradiční španělské sušen... | jamón | 0 | |
| 10. | Název této tradiční španělské... | turrón/torrone | 0 |